000 00510nam a2200169Ia 4500
999 _c12566
_d12566
003 OSt
005 20201104113934.0
008 190216s9999||||xx |||||||||||||| ||und||
040 _coclc
082 _a823.1
_bKIN/L
100 _aKing, Steurat H
_96250
245 4 _aThe Learner`S Anthology Of Short Stories /
_cSteuart H King
260 _bGeorge Allen And Unwin,
_c1973.
_aBombay:
300 _a150p
650 _aEnglish Short Stories
942 _cBK
_2ddc
_h823.1
_iKIN/L
_k823.1
_mKIN/L